[Event "Cerdanyola del Valles op-A 24th"]
[Site "Cerdanyola del Valles"]
[Date "2006.11.11"]
[Round "7.9"]
[White "Rios Torondell, Jaume"]
[Black "Benito Cabezas, Ana"]
[Result "1/2-1/2"]
[WhiteElo "2110"]
[BlackElo "2010"]
[PlyCount "93"]
[EventDate "2006.09.30"]
[EventType "swiss"]
[EventRounds "8"]
[EventCountry "AUT"]
[SourceTitle "EXT 2024"]
[Source "ChessBase"]
[SourceDate "2023.10.10"]
[SourceVersion "1"]
[SourceVersionDate "2023.10.10"]
[SourceQuality "1"]

1. e4 c5 2. Nf3 a6 3. c4 Nc6 4. d4 cxd4 5. Nxd4 Nf6 6. Nc3 d6 7. Bg5 e6 8. Be2 Be7 9. 0-0 0-0 10. Nf3 Qc7 11. Rc1 Bd7 12. Qd2 Rad8 13. Rfd1 Bc8 14. h3 b6 15. Bxf6 Bxf6 16. Nd5 exd5 17. cxd5 Qe7 18. Rxc6 Qxe4 19. Rxb6 Rfe8 20. Bd3 Qa4 21. a3 Re7 22. Rb4 Qe8 23. Nd4 a5 24. Rc4 Ba6 25. Nc6 Bxc4 26. Nxe7+ Qxe7 27. Bxc4 Qe5 28. Re1 Qxb2 29. Qxa5 g6 30. Qb4 Qxb4 31. axb4 Rc8 32. Ba6 Rc2 33. b5 Bd4 34. Rf1 Bc5 35. Bb7 Bb6 36. Bc6 Kg7 37. g3 Bc5 38. Kg2 g5 39. Kf3 f5 40. g4 f4 41. Bd7 Kf6 42. Bf5 Rb2 43. Bd7 Rd2 44. Bc6 Rc2 45. Bd7 Rd2 46. Be8 Rxd5 47. Re1 1/2-1/2

[Event "Cerdanyola del Valles op-A 24th"]
[Site "Cerdanyola del Valles"]
[Date "2006.11.04"]
[Round "6.12"]
[White "Lopez Paredes, Alejandro"]
[Black "Rios Torondell, Jaume"]
[Result "0-1"]
[WhiteElo "1950"]
[BlackElo "2110"]
[PlyCount "56"]
[EventDate "2006.09.30"]
[EventType "swiss"]
[EventRounds "8"]
[EventCountry "AUT"]
[SourceTitle "EXT 2024"]
[Source "ChessBase"]
[SourceDate "2023.10.10"]
[SourceVersion "1"]
[SourceVersionDate "2023.10.10"]
[SourceQuality "1"]

1. e4 e6 2. d4 d5 3. e5 c5 4. c3 Qb6 5. Nf3 Nc6 6. Bd3 cxd4 7. cxd4 Bd7 8. Bc2 Nb4 9. Nc3 Nxc2+ 10. Qxc2 Bb4 11. 0-0 Rc8 12. Bg5 h6 13. Bh4 g5 14. Bg3 g4 15. Nh4 Qxd4 16. Ng6 fxg6 17. Qxg6+ Kf8 18. Rfd1 Qb6 19. Ne4 Be8 20. Qxg4 dxe4 21. Qf4+ Kg7 22. Bh4 Rh7 23. Qxe4 Kh8 24. Rac1 Rxc1 25. Rxc1 Bc6 26. Qf4 Be7 27. Bf6+ Bxf6 28. exf6 Qxb2 0-1

[Event "Cerdanyola del Valles op-A 24th"]
[Site "Cerdanyola del Valles"]
[Date "2006.10.28"]
[Round "5.8"]
[White "Rios Torondell, Jaume"]
[Black "Lanau Garcia, Francesc"]
[Result "0-1"]
[WhiteElo "2110"]
[BlackElo "2145"]
[PlyCount "154"]
[EventDate "2006.09.30"]
[EventType "swiss"]
[EventRounds "8"]
[EventCountry "AUT"]
[SourceTitle "EXT 2024"]
[Source "ChessBase"]
[SourceDate "2023.10.10"]
[SourceVersion "1"]
[SourceVersionDate "2023.10.10"]
[SourceQuality "1"]

1. e4 d6 2. d4 Nf6 3. Nc3 g6 4. f4 Bg7 5. Nf3 0-0 6. Bd3 Nc6 7. 0-0 Nh5 8. Be3 Bg4 9. Be2 e5 10. fxe5 dxe5 11. d5 Ne7 12. Ng5 Bxe2 13. Qxe2 a6 14. Qf2 Nf6 15. Qh4 h5 16. h3 Nc8 17. Nf3 Qd6 18. Bg5 Nh7 19. Be3 Nb6 20. Qf2 Nd7 21. a3 Nhf6 22. b4 b6 23. Nd2 b5 24. Nb3 Nh7 25. Qg3 Nhf6 26. Rad1 Rac8 27. Nc5 Nb6 28. Nb7 Qd7 29. Bg5 Nh7 30. Nc5 Qd6 31. Bc1 Nc4 32. a4 Rb8 33. axb5 axb5 34. Qd3 Qb6 35. Kh1 Rbd8 36. Qg3 Nd6 37. Be3 Qb8 38. Nd3 Nf6 39. Bg5 Nfxe4 40. Nxe4 Nxe4 41. Qe3 Nxg5 42. Qxg5 Rxd5 43. Rde1 Qd8 44. Qg3 Qd6 45. Re2 f5 46. Qg5 Qf6 47. Qe3 e4 48. Nf4 Rd4 49. Qb3+ Rc4 50. Nd5 Qe5 51. Ne3 Qc3 52. Nxc4 bxc4 53. Qxc3 Bxc3 54. b5 Rb8 55. Rb1 Kf7 56. Re3 Bd2 57. Ra3 e3 58. Kg1 e2 59. Kf2 e1Q+ 60. Rxe1 Bxe1+ 61. Kxe1 Rxb5 62. Kd2 Re5 63. Ra7 Rc5 64. Kc3 Ke6 65. Ra6+ c6 66. Kd4 Kd6 67. c3 Rd5+ 68. Kxc4 Rd2 69. g4 hxg4 70. hxg4 f4 71. Ra8 Rg2 72. g5 Rxg5 73. Rd8+ Ke7 74. Rc8 Kd7 75. Rf8 Rf5 76. Rg8 f3 77. Rg7+ Ke8 0-1